000
00326nam a22001457a 4500
003
OSt
008
220521b ||||| |||| 00| 0 eng d
020
_a
978-0-7535-5389-3
082
_a
658.4092 GRT
100
_a
GRANT, Adam
245
_a
Think Again
260
_a
London
_b
WH Allen
_c
2021
300
_a
307
942
_2
ddc
_c
BK
999
_c
11239
_d
11239